| 000 | 00802nam a22002057a 4500 | ||
|---|---|---|---|
| 003 | OSt | ||
| 005 | 20250913135323.0 | ||
| 008 | 240213b ||||| |||| 00| 0 eng d | ||
| 040 | _c0 | ||
| 082 | _aDPer 621.317 Ie21 April 2022 v.37 n. 4 | ||
| 100 |
_aHe, Shan. _eauthor. _952256 |
||
| 245 |
_aLine voltage sensorless control of grid-connected inverters using multisampling / _cShan He, Dao Zhou, Xiongfe Wang, and Frede Blaabjerg. |
||
| 260 |
_aNew York ; _bThe Institute of Electrical and Electronics Engineers, Inc. , _cApril 2022. |
||
| 300 |
_aVolume 37, pages 4792-4803 : _billustration ; _c28 cm. |
||
| 700 |
_aHe, Shan. _eauthor. _952256 |
||
| 700 |
_aZhou, Dao. _eauthor. _952257 |
||
| 700 |
_aWang, Xiongfe. _eauthor. _952258 |
||
| 700 |
_aBlaabjerg, Frede. _eauthor. _952259 |
||
| 942 |
_2ddc _cPER |
||
| 999 |
_c19121 _d19121 |
||